000 00596nam a22001815i 4500
001 152008
003 ES-MaACL
005 20230906204506.0
008 921224s1881 fr |||| | fre d
040 _aCAT
_bspa
_cCAT
_dCCPB
080 _a840-5"18"
100 1 _aBert, Paul.
_928418
245 1 0 _aLeçons, discours et conférences /
_cpar Paul Bert.
260 _aParis :
_bG. Charpentier,
_c[s.a.]
300 _a461 p. ;
_c19 cm.
596 _aBNP lo fecha en 1881.
852 _aES-MaACL
_jF-12363
_z-- Rúst.
_x-- Añadir en T260: (Imprimerie A. Lahure) -- T596: Prelim. fechados en 1880
999 _c152008
_d152008